Представление документа в формате RUSMARC

ПолеНазваниеЗначение
  Тип записи a
  Библиографический уровень m
001 Контрольный номер RU/CBS_UL/BASE/87c7777cf332400a95c8b22dd663ddd5
005 Дата корректировки 20250124034007.2
101 Язык документа __
a Язык текста rus
102 Страна публикации __
a Страна публикации RU
200 Заглавие и сведения об ответственности 0_
a Заглавие № 3 (2 фев.)
210 Выходные данные __
d Дата издания 2024
461 Уровень набора __
1 2001
a Ялгат
v № 3 (2 фев.)
1 210
d 2024
801 Источник записи __
a Страна RU
b Организация МБУК ЦБС г. Ульяновска
g Правила каталогизации RCR
901 Тип документа __
w Контрольный № источника RU/CBS_UL/BASE/551816273
t Тип документа h